| 000 | 01565cam a2200373 a 4500 | ||
|---|---|---|---|
| 001 | 13230 | ||
| 003 | BD-RjUL | ||
| 005 | 20211208235425.0 | ||
| 008 | 140130s1984 ne a b 001 0 eng d | ||
| 020 | _a0444421092 (U.S. : set) | ||
| 020 | _a0444421084 (U.S. : v. 1) : | ||
| 020 | _z0444421338 (U.S. : v. 2) | ||
| 035 | _a(BD-RjUL)13281 | ||
| 040 |
_aDL-C _cDL-C _d(BD-RjUL) _beng |
||
| 041 | 1 | _aengfre | |
| 082 | 0 | 0 |
_a624.15136 _219 _bSAP 1984 |
| 100 | 1 |
_aSanglerat, Guy, _d1924- _941196 |
|
| 245 | 1 | 0 |
_aPractical problems in soil mechanics and foundation engineering / _cGuy Sanglerat, Gilbert Olivari, Bernard Cambou ; translated by G. Gendarme. |
| 260 |
_aNew York : _bDistributors for the U.S. and Canada, Elsevier Science, _cc1984 |
||
| 300 |
_a v. : _bill. ; _c25 cm. |
||
| 490 | 1 |
_aDevelopments in geotechnical engineering ; _v34A-34B |
|
| 500 | _aTranslation of: Problèmes practiques de mécanique des sols et de fondations. | ||
| 504 | _aIncludes bibliographies and indexes. | ||
| 505 | 0 | _avol.1. Physical characteristics of soils, plasticity, settlement calculations, interpretation of in-situ tests -- v. 2. Wall and foundation calculations, slope stability -- | |
| 650 | 0 |
_aSoil mechanics. _941197 |
|
| 650 | 0 |
_aFoundations. _941198 |
|
| 700 | 1 |
_aOlivari, Gilbert. _941200 |
|
| 700 | 1 |
_aCambou, Bernard. _941201 |
|
| 830 | 0 |
_v34. _9161076 |
|
| 830 | 0 |
_aDevelopments in geotechnical engineering ; _9158313 |
|
| 942 |
_2ddc _cBK |
||
| 999 |
_c13230 _d13230 |
||